000 00326nam a22001337a 4500
020 _a9788183487603
082 _a028.702 JAI/HO
100 _aJai Kishan
100 _aPremkishan
245 _aHow to crack test of reasoning in all competitive Exams
260 _aMeerut
_bArihant publications
300 _a374
942 _cBK
999 _c13845
_d13845